LEADER 01345nam2-2200385---450- 001 990005789010203316 005 20121212104111.0 010 $a978-88-452-7152-6 035 $a000578901 035 $aUSA01000578901 035 $a(ALEPH)000578901USA01 035 $a000578901 100 $a20121212d2012----km-y0itay50------ba 101 0 $aita$alat 102 $aIT 105 $a||||||||001yy 200 1 $aCommenti all'Antico Testamento$ele tre edizioni del 1725, 1730 e, 1744$fMeister Eckhart$gpresentazione, introduzioni ai commenti, traduzione, note e apparati di Marco Vannini 210 $aMilano$cBompiani Il pensiero occidentale$d2012 215 $aXVII, 1548 p.$d22 cm 225 2 $aBompiani Il pensiero occidentale 410 0$1001000286362$12001$aBompiani Il pensiero occidentale 606 0 $aBibbia . Antico Testamento$xCommenti$2BNCF 676 $a223.2077 700 1$aECKHART,$bMeister$0198280 702 1$aVANNINI,$bMarco 801 0$aIT$bsalbc$gISBD 912 $a990005789010203316 951 $aII.1. Coll. 115/ 155$b239010 L.M.$cII.1. Coll.$d00312918 959 $aBK 969 $aUMA 979 $aPASSARO$b90$c20121212$lUSA01$h1039 979 $aPASSARO$b90$c20121212$lUSA01$h1039 979 $aPASSARO$b90$c20121212$lUSA01$h1041 996 $aCommenti all'Antico Testamento$91081026 997 $aUNISA LEADER 01040nam a2200301 i 4500 001 991000814999707536 005 20020506124613.0 008 980421s1994 uk ||| | eng 020 $a0748400761 035 $ab1013346x-39ule_inst 035 $aLE00637298$9ExL 040 $aDip.to Fisica$bita 084 $a53.1.62 084 $a53.1.65 084 $a53.1.66 084 $a53.1.67 084 $a53.7.4 084 $a53.8.22 100 1 $aSahimi, Muhammad$021514 245 10$aApplications of percolation theory /$cMuhammad Sahimi 260 $aLondon :$bTaylor and Francis,$c1994 300 $axiv, 258 p. ;$c23 cm. 907 $a.b1013346x$b21-09-06$c27-06-02 912 $a991000814999707536 945 $aLE006 53.1.67 SAH$g1$i2006000178310$lle006$nCopia sostitutiva di originale smarrito reintegrata dall'utente Cecilia Pennetta.$o-$pE0.00$q-$rl$s- $t0$u0$v0$w0$x0$y.i1015694x$z27-06-02 996 $aApplications of percolation theory$9126581 997 $aUNISALENTO 998 $ale006$b01-01-98$cm$da $e-$feng$guk $h0$i1